000 00549nam a2200181Ia 4500
008 151018s9999 xx 000 0 und d
082 _bRBASDV7265
_a891.463
100 _aभाऊ पाध्ये
245 _aकरंटा
250 _b1
260 _b"मॅजेस्टीक पब्लिशिंग हाऊस, ठाणे "
_c1961
300 _a100
600 _aभाऊ पाध्ये
630 _aकरंटा
700 _aभाऊ पाध्ये
730 _aकरंटा
942 _cBOOK
999 _c1009634
_d1009631